000 00529nam a2200169Ia 4500
003 IN-BaIIA
008 211028s9999 xx s 000 0 eng d
020 _a9781510618602 (Print)
020 _a9781510618619 (Online)
040 _cIIA Library
100 _aDaniels, Arnold
_933096
245 0 _aField Guide to Infrared Optics, Materials, and Radiometry
_h[eBook]
260 _aWashington, USA
_bSPIE
_c2018
300 _aOnline resource
856 _uhttps://doi.org/10.1117/3.2315931
_yClick Here to Access eBook
942 _cEB
999 _c22208
_d22208